000 00653nam a22002057a 4500
999 _c6397
_d6397
003 AR-CdUCM
008 190315b ||||| |||| 00| 0 spa d
040 _aMUNICIPALIDAD PROVINCIAL DEL CUSCO
_cBIBLIOTECA MUNICIPAL DEL CUSCO
082 _a415.9 /
_bG11
100 _aGabriel, José
_918201
245 _aHistoria de la gramática /
260 _aLima :
_bLumen,
_c1948.
300 _a199 páginas ;
_c22.5 cm.
500 _aDonación familia Nieto
505 _aContenido: La ciencia del lenguaje -- Historia de la gramática.
650 _aGramática general
_918202
650 _aIdiomas literarios
_918203
942 _2ddc
_cLIBROS
945 _aafb